<?xml version="1.0" encoding="UTF-8"?>
<record
    xmlns:xsi="http://www.w3.org/2001/XMLSchema-instance"
    xsi:schemaLocation="http://www.loc.gov/MARC21/slim http://www.loc.gov/standards/marcxml/schema/MARC21slim.xsd"
    xmlns="http://www.loc.gov/MARC21/slim">

  <leader>00499nam a22001217a 4500</leader>
  <controlfield tag="008">190518b        xxu||||| |||| 00| 0 eng d</controlfield>
  <datafield tag="082" ind1=" " ind2=" ">
    <subfield code="a">750</subfield>
    <subfield code="b">So687l</subfield>
  </datafield>
  <datafield tag="100" ind1=" " ind2=" ">
    <subfield code="a">Rodriguez, Tatiana y Sol&#xED;s, Jos&#xE9; Pablo. </subfield>
    <subfield code="9">7041</subfield>
  </datafield>
  <datafield tag="245" ind1=" " ind2=" ">
    <subfield code="a">Lentitud Pict&#xF3;rica </subfield>
    <subfield code="b">Jos&#xE9; Pablo Sol&#xED;s. Costa Rica. 2006</subfield>
  </datafield>
  <datafield tag="260" ind1=" " ind2=" ">
    <subfield code="a">Costa Rica</subfield>
    <subfield code="b">Museo de Arte Costarricense</subfield>
    <subfield code="c">2006</subfield>
  </datafield>
  <datafield tag="300" ind1=" " ind2=" ">
    <subfield code="a">28 p.</subfield>
    <subfield code="b">20.3 x 21.5 cm</subfield>
  </datafield>
  <datafield tag="650" ind1=" " ind2=" ">
    <subfield code="2">Arte contempor&#xE1;neo</subfield>
    <subfield code="v">Cat&#xE1;logo de exposici&#xF3;n</subfield>
    <subfield code="x">Arte - exhibiones</subfield>
    <subfield code="x">Arte - pintura</subfield>
    <subfield code="z">Pintura - Costa Rica</subfield>
    <subfield code="9">7042</subfield>
  </datafield>
  <datafield tag="999" ind1=" " ind2=" ">
    <subfield code="c">1786</subfield>
    <subfield code="d">1786</subfield>
  </datafield>
  <datafield tag="952" ind1=" " ind2=" ">
    <subfield code="0">0</subfield>
    <subfield code="1">0</subfield>
    <subfield code="2">ddc</subfield>
    <subfield code="4">0</subfield>
    <subfield code="7">0</subfield>
    <subfield code="a">LV</subfield>
    <subfield code="b">LV</subfield>
    <subfield code="c">Monograf&#xED;as</subfield>
    <subfield code="d">2019-05-18</subfield>
    <subfield code="l">0</subfield>
    <subfield code="o">750 So687l</subfield>
    <subfield code="p">002343</subfield>
    <subfield code="r">2019-05-18 00:00:00</subfield>
    <subfield code="w">2019-05-18</subfield>
    <subfield code="y">01</subfield>
  </datafield>
</record>
